| 000 | 00949nam a22001815i 4500 | ||
|---|---|---|---|
| 001 | 156750 | ||
| 003 | ES-MaACL | ||
| 005 | 20230906210504.0 | ||
| 008 | 020227s1862 sp |||| | spa d | ||
| 040 |
_aCAM _bspa _cCAM |
||
| 100 | 1 |
_aLabaila, Jacinto. _9128535 |
|
| 245 | 1 | 3 |
_aEl grito de la conciencia _b: drama en tres actos / _carreglado al teatro español por Jacinto Labaila. |
| 260 |
_aMadrid : _b[s.n.], _c1862 ( _fImprenta de José Rodriguez) |
||
| 300 |
_a46 [i.e. 45] p. ; _c20 cm. |
||
| 500 | 1 | _aRepresentada en el teatro de la Princesa de Valencia, en enero de 1862, á beneficio de Ricardo Reig. | |
| 596 | 1 | _aEn verso de port. consta: "... de la Galería dramática y lírica titulada El Teatro ..." | |
| 852 |
_aES-MaACL _jF-8553(8) _z-- Enc. pasta española _z-- Dedicatoria ms. del autor a Juan López _q-- Falto de la cub. orignal _z-- Enc. en un vol. facticio formando parte de la col. facticia "Teatro español moderno", v. 5 |
||
| 999 |
_c156750 _d156750 |
||